Corporate governance in Latvia

Saved in:
Bibliographic Details
Format: Book
Language:English
Published: Paris OECD 2017
Series:Corporate governance
Subjects:
Tags: Add Tag
No Tags, Be the first to tag this record!

MARC

LEADER 00000nam a2200000 4500
001 0233355
005 20240314122804.3
020 |a 978-92-64-26817-3 
041 0 |a eng 
044 |a FR 
245 1 0 |a Corporate governance in Latvia 
264 1 |a Paris  |b OECD  |c 2017 
300 |a 130 s. 
490 1 |a Corporate governance 
830 0 |a Corporate governance 
610 2 0 |a správa spoločnosti 
610 2 0 |a vlastníctvo 
610 2 0 |a štruktúra podniku organizačná 
610 2 0 |a Lotyšsko